Tomás y Ricardo El robo de la moneda de oro = (Record no. 16527)
[ view plain ]
| 000 -LEADER | |
|---|---|
| fixed length control field | 01287nam a2200337Ia 4500 |
| 001 - CONTROL NUMBER | |
| control field | 20822788 |
| 003 - CONTROL NUMBER IDENTIFIER | |
| control field | OCoLC |
| 005 - DATE AND TIME OF LATEST TRANSACTION | |
| control field | 20170221154117.0 |
| 008 - FIXED-LENGTH DATA ELEMENTS--GENERAL INFORMATION | |
| fixed length control field | 891227s1989 caua j 000 1 eng d |
| 020 ## - INTERNATIONAL STANDARD BOOK NUMBER | |
| International Standard Book Number | 0878796673 : |
| Terms of availability | $4.95 |
| Qualifying information | (pbk.) |
| 040 ## - CATALOGING SOURCE | |
| Original cataloging agency | PNX |
| Transcribing agency | PNX |
| Modifying agency | DMP |
| 041 0# - LANGUAGE CODE | |
| Language code of text/sound track or separate title | engspa |
| 092 ## - LOCALLY ASSIGNED DEWEY CALL NUMBER (OCLC) | |
| Classification number | J |
| Item number | 468, Wri |
| 100 1# - MAIN ENTRY--PERSONAL NAME | |
| Personal name | Wright, Bob. |
| 245 10 - TITLE STATEMENT | |
| Title | Tomás y Ricardo El robo de la moneda de oro = |
| Remainder of title | Tom and Ricky The gold coin robbery / |
| Statement of responsibility, etc. | Bob Wright ; [cover design and illustrations, Herb Heidinger]. |
| 246 3# - VARYING FORM OF TITLE | |
| Title proper/short title | Gold coin robbery. |
| 246 3# - VARYING FORM OF TITLE | |
| Title proper/short title | Robo de la monedo de oro. |
| 260 ## - PUBLICATION, DISTRIBUTION, ETC. (IMPRINT) | |
| Place of publication, distribution, etc. | Novato, Calif. : |
| Name of publisher, distributor, etc. | High Noon Books, |
| Date of publication, distribution, etc. | c1989. |
| 300 ## - PHYSICAL DESCRIPTION | |
| Extent | 44, 44 p. : |
| Other physical details | ill. ; |
| Dimensions | 18 cm. |
| 490 1# - SERIES STATEMENT | |
| Series statement | Tom and Ricky mystery series. |
| 490 1# - SERIES STATEMENT | |
| Series statement | Misterio de Tomás y Ricardo. |
| 500 ## - GENERAL NOTE | |
| General note | English and Spanish. |
| 500 ## - GENERAL NOTE | |
| General note | Cover title: El robo de la moneda de oro = The gold coin robbery. |
| 520 ## - SUMMARY, ETC. | |
| Summary, etc. | Eddie, best friend of Tom and Ricky, finds a valuable gold coin in his coat after he bumped into a big, fat man. |
| 655 #0 - INDEX TERM--GENRE/FORM | |
| Genre/form data or focus term | Spanish language materials. |
| 655 #7 - INDEX TERM--GENRE/FORM | |
| Genre/form data or focus term | Detective and mystery fiction. |
| Source of term | lcgft. |
| 700 1# - ADDED ENTRY--PERSONAL NAME | |
| Personal name | Heidinger, Herb. |
| 800 1# - SERIES ADDED ENTRY--PERSONAL NAME | |
| Personal name | Wright, Bob. |
| Title of a work | Tom and Ricky mystery series. |
| 800 1# - SERIES ADDED ENTRY--PERSONAL NAME | |
| Personal name | Wright, Bob. |
| Title of a work | Misterio de Tomás y Ricardo. |
| 942 ## - ADDED ENTRY ELEMENTS (KOHA) | |
| Koha item type | Libro/Book |
No items available.